000 00280nam a2200121 a 4500
001 4140
005 20140414132023.0
008 090218s19uu xx 00 eng d
050 _aTR
_bIL8 2005
100 _aMcBratney, Sam
245 _aI love it when you smile.
999 _c113513
_d113513